01019nam a2200229 a 450000100100000000500170001000800410002704000250006810000270009324501210012025000310024126000340027230000210030649000370032759000750036460000410043965000270048065000390050783000450054695201810059199900170077200003572920260203124139.0111109s1949 ag 000 0 spa d aDO-SdBNPbspacBNPHU1 aFatone, Vicente96166413aEl existencialismo y la libertad creadora :buna crítica al existencialismo de Jean-Paul Sartre /cVicente Fatone. a2a. ed., rev. por el autor aBuenos Aires :bArgos,c1949. a189 p. ;c21 cm.0 aBiblioteca Argos. Los pensadores aPerteneció a la biblioteca personal de Juan Isidro Jimenes Grullón14aSartre, Jean-Paul,d1905-198091341420aExistencialismo93601724aFilosofía existencialista961665 0aBiblioteca Argos.pLos pensadores961666 0010507-18MOaGRbGRcOId2011-11-09iLF1l0o p35729-10r2020-06-25w2020-06-25y1zPerteneció a la biblioteca personal de Juan Isidro Jiménes GrullónZNo se presta c35220d35220